Band instruments - Statistics

General Stats
  • This quiz has been taken 77 times
    60 since last reset
  • The average score is 10 of 14
Answer Stats
Hint Answer % Correct
Way to high flute
96%
Best low brass Trombone
96%
Big guy Tuba
96%
Sounds really bad Clarinet
94%
Best one Trumpet
94%
Little tuba Euphonium
84%
No one cares about you Alto sax
76%
No one plays you oboe
74%
Fat trumpet French horn
70%
Your the forgotten middle child Tenor sax
68%
Never good percussion
62%
No one plays you Pt. 2 Bassoon
56%
Too loud Baritone sax
42%
Never included Piano
22%
No matching quizzes found
Score Distribution
Percent of People with Each Score
Percentile by Number Answered
Your Score History
You have not taken this quiz since the last reset